Chanteurs avec Lettre A par photos - Statistiques

Statistiques générales
  • Ce quiz a été pris 239 fois
  • Le résultat moyen est 9 sur 12
Statistiques - réponses
Par images Réponse % Correct
Amel Bent
97%
Angèle
97%
Amir
93%
Aya Nakamura
92%
Adèle
91%
Ariana Grande
90%
Amy winehouse
77%
Alizée
71%
Alain Souchon
69%
Axelle Red
54%
Annie Cordy
52%
Alonzo
45%
Aucun quiz correspondant
Distribution des résultats
% des personnes avec chaque résultat
Percentile par nombre de réponses
Votre historique - résultats
Vous n’avez pas pris ce quiz